Marketing for the construction industry : a practical handbook for consultants, contractors and other professionals

Bibliographic Details
Main Author: Fisher, Norman
Format: Book
Published: london : Longman , 1986
Subjects:

MARC

LEADER 00000cam a2200000 7i4500
001 0000008977
005 20220328.0
020 |a 0582503302 
040 |a INS 
090 0 0 |a HD9715.A2   |b F57 1986 
100 1 |a Fisher, Norman 
245 1 0 |a Marketing for the construction industry :   |b a practical handbook for consultants, contractors and other professionals   |c by Norman Fisher 
260 |a london :   |b Longman ,   |c 1986 
300 |a 270p. ;   |c 25cm. 
500 |a Includes index 
650 0 0 |a Construction industry 
999 |a 0000022445   |b BOOK   |c Open Shelf   |e Default branch